000 00357 a2200133 4500
003 Nust
005 20170207170420.0
040 _cNust
082 _a799
245 _a01-Group Photo AMTs-IA (Ser-20) Photographs-2015
260 _aRawalpindi
_bMCS
_c02-01-2015
650 _a01-Group Photo AMTs-IA (Ser-20) Photographs-2015 (CD 25- Vol I)
651 _aSweet Memories-MCS
942 _cBK
999 _c214740
_d214740